Top 500 baby girl names in 2010 - Statistics

General Stats
  • This quiz has been taken 548 times
  • The average score is 209 of 500
Answer Stats
Answer % Correct
197 A Ana
93%
356 L Lia
92%
175 A Alivia
90%
189 A Allie
90%
4 O Olivia
90%
116 I Isabel
89%
105 I Isabelle
89%
242 E Eliza
87%
27 A Anna
86%
497 E Elisa
86%
28 S Sofia
86%
2 S Sophia
86%
1 I Isabella
85%
108 M Mary
85%
138 I Izabella
84%
119 S Sara
83%
26 S Sarah
83%
3 E Emma
82%
319 E Emely
81%
86 M Maria
81%
473 E Emilee
80%
6 E Emily
80%
59 S Sophie
80%
12 E Elizabeth
79%
5 A Ava
78%
91 E Eva
78%
9 C Chloe
75%
347 E Emilia
75%
297 I Isla
75%
353 A Aria
74%
13 E Ella
74%
420 E Elle
74%
20 H Hannah
74%
10 M Mia
74%
41 A Amelia
73%
452 L Lillie
73%
106 L Lilly
73%
17 L Lily
73%
336 R Rose
72%
50 A Alexa
71%
46 C Charlotte
71%
288 M Maddison
71%
14 N Natalie
71%
442 N Nataly
71%
193 C Catherine
70%
39 E Evelyn
70%
18 G Grace
70%
70 K Katherine
70%
298 N Norah
70%
55 J Julia
69%
8 M Madison
69%
338 M Madisyn
69%
444 M Madyson
69%
32 V Victoria
69%
188 A Amanda
68%
136 A Amy
68%
104 E Ellie
68%
389 J Julie
68%
208 K Kate
68%
161 K Katie
68%
273 L Laura
68%
15 S Samantha
68%
31 Z Zoe
68%
47 Z Zoey
68%
7 A Abigail
67%
257 A Adalyn
67%
446 A Adalynn
67%
172 A Alice
67%
92 J Jessica
67%
380 A Adelyn
66%
64 A Alexandra
66%
54 A Arianna
66%
29 A Ashley
66%
88 C Caroline
66%
499 L Lauryn
66%
385 J Jane
65%
121 J Jennifer
65%
58 L Lauren
65%
269 A Alison
64%
38 A Allison
64%
259 A Allyson
64%
156 M Melissa
63%
159 N Nora
63%
134 R Rebecca
63%
324 G Georgia
62%
75 L Lucy
62%
321 M Madeleine
62%
131 M Megan
62%
101 M Mya
62%
99 R Rachel
62%
404 R Rebekah
62%
84 A Ariana
61%
33 G Gabriella
61%
154 H Haley
61%
430 H Hayley
61%
135 L Lyla
61%
362 M Madalyn
61%
77 M Madeline
61%
76 M Madelyn
61%
399 M Madelynn
61%
332 M Madilyn
61%
351 A Ayla
60%
48 B Bella
60%
122 N Nicole
60%
11 A Addison
59%
484 D Dayana
59%
24 L Leah
59%
467 L Lexie
59%
453 L Lilian
59%
22 L Lillian
59%
87 M Molly
59%
85 S Stella
59%
391 A Annie
58%
23 A Avery
58%
190 D Diana
58%
251 J Jazmin
58%
335 L Lilah
58%
36 T Taylor
58%
248 C Christina
57%
53 C Claire
57%
348 J Jasmin
57%
62 J Jasmine
57%
272 J Jazmine
57%
98 N Natalia
57%
126 S Stephanie
57%
401 A Addisyn
56%
192 A Addyson
56%
42 K Khloe
56%
69 K Kimberly
56%
82 M Melanie
56%
411 M Melany
56%
220 A Alicia
55%
194 A Angel
55%
94 G Gabrielle
55%
130 G Gracie
55%
222 A Amber
54%
52 A Audrey
54%
252 B Breanna
54%
230 K Kathryn
54%
140 L Laila
54%
205 L Leila
54%
182 M Margaret
54%
66 M Maya
54%
318 N Nina
54%
102 R Rylee
54%
320 R Rylie
54%
151 D Daisy
53%
263 H Haylee
53%
377 L Lena
53%
284 A Abby
52%
19 H Hailey
52%
114 J Jade
52%
125 M Michelle
52%
364 M Mila
52%
123 V Violet
52%
80 A Andrea
51%
203 A Aurora
51%
30 B Brianna
51%
120 H Harper
51%
342 L Luna
51%
113 R Ruby
51%
295 V Veronica
51%
21 A Alyssa
50%
213 A Ariel
50%
183 B Briana
50%
72 B Brooke
50%
167 C Clara
50%
164 E Elena
50%
390 G Gia
50%
437 H Helen
50%
305 J Joanna
50%
306 K Kelly
50%
394 M Michaela
50%
180 M Mikayla
50%
200 P Penelope
50%
186 R Ryleigh
50%
107 V Vanessa
50%
169 A Alana
49%
117 A Annabelle
49%
224 A Aubree
49%
438 A Aubrie
49%
240 H Hope
49%
299 I Ivy
49%
480 L Lana
49%
95 N Naomi
49%
40 R Riley
49%
374 S Savanna
49%
44 S Savannah
49%
16 A Alexis
48%
93 A Angelina
48%
45 A Aubrey
48%
460 C Charlie
48%
148 G Gabriela
48%
339 C Caitlin
47%
73 F Faith
47%
409 H Holly
47%
286 J Juliet
47%
49 K Kayla
47%
133 K Kendall
47%
211 L Lola
47%
225 M Maggie
47%
214 S Sierra
47%
158 V Vivian
47%
173 A Adrianna
46%
160 A Angela
46%
34 B Brooklyn
46%
142 B Brooklynn
46%
302 C Caitlyn
46%
296 D Daniella
46%
429 E Erika
46%
378 G Giuliana
46%
141 J Jenna
46%
185 J Josephine
46%
176 J Julianna
46%
90 K Kaitlyn
46%
249 K Karen
46%
103 K Katelyn
46%
312 K Katelynn
46%
139 K Kylee
46%
57 K Kylie
46%
155 L Lila
46%
68 M Mackenzie
46%
153 M Makenzie
46%
145 M Mckenzie
46%
255 Q Quinn
46%
414 S Scarlet
46%
115 S Scarlett
46%
163 S Summer
46%
78 B Bailey
45%
402 B Baylee
45%
388 C Carolina
45%
67 G Gianna
45%
346 R Ruth
45%
210 S Sienna
45%
204 A Alexandria
44%
275 C Cora
44%
166 E Eleanor
44%
423 E Erica
44%
315 I Iris
44%
165 K Keira
44%
110 L Lydia
44%
219 S Sabrina
44%
428 V Vivienne
44%
375 A April
43%
81 A Autumn
43%
270 C Camille
43%
326 K Kiara
43%
415 K Kiera
43%
37 L Layla
43%
350 L Lilliana
43%
470 N Nia
43%
100 P Paige
43%
328 S Selena
43%
477 A Anabelle
42%
195 D Danielle
42%
216 E Erin
42%
146 J Juliana
42%
63 M Morgan
42%
308 P Phoebe
42%
118 S Sadie
42%
309 K Kira
41%
124 L Liliana
41%
483 L Lilyana
41%
149 V Valerie
41%
323 A Adeline
40%
368 B Bethany
40%
262 J Josie
40%
478 J Joy
40%
395 K Kaylie
40%
379 K Kiley
40%
79 P Payton
40%
51 P Peyton
40%
129 A Adriana
39%
482 A Anaya
39%
345 A Angelica
39%
354 C Courtney
39%
178 J Jordan
39%
112 J Jordyn
39%
202 M Marissa
39%
60 S Sydney
39%
365 A Anastasia
38%
239 C Callie
38%
439 C Ciara
38%
196 E Elise
38%
260 E Esther
38%
376 J Jamie
38%
433 K Kamila
38%
294 K Kyleigh
38%
198 M Melody
38%
247 N Nadia
38%
221 T Tessa
38%
451 A Aleah
37%
427 B Brittany
37%
61 C Camila
37%
329 C Cassandra
37%
258 F Fiona
37%
292 K Kara
37%
461 K Kassidy
37%
35 K Kaylee
37%
349 K Kyra
37%
449 S Serena
37%
245 A Alexia
36%
310 A Annabella
36%
250 C Cassidy
36%
179 E Eden
36%
244 K Kayleigh
36%
56 A Aaliyah
35%
143 A Aliyah
35%
450 G Gemma
35%
264 H Hazel
35%
170 J Jillian
35%
111 K Kennedy
35%
361 M Monica
35%
25 N Nevaeh
35%
492 S Skye
35%
152 V Valentina
35%
96 V Valeria
35%
434 A Adelaide
34%
265 A Alina
34%
382 A Arabella
34%
314 C Carmen
34%
223 C Chelsea
34%
494 F Francesca
34%
384 K Kailey
34%
325 K Karla
34%
207 K Kendra
34%
490 K Kennedi
34%
290 L Londyn
34%
174 M Miranda
34%
474 S Skyler
34%
311 T Tiffany
34%
289 W Willow
34%
322 H Heaven
33%
171 J Jacqueline
33%
400 L Lindsey
33%
109 L London
33%
333 E Evangeline
32%
436 L Lacey
32%
456 N Natasha
32%
432 H Harley
31%
266 L Lucia
31%
277 C Cecilia
30%
267 D Danna
30%
489 D Daphne
30%
421 E Elliana
30%
236 J Jayda
30%
233 K Kelsey
30%
241 L Lexi
30%
261 M Mariana
30%
144 P Piper
30%
74 T Trinity
30%
406 A Anya
29%
157 A Ashlyn
29%
237 A Ashlynn
29%
191 B Brielle
29%
282 C Camryn
29%
217 C Carly
29%
463 D Dana
29%
71 D Destiny
29%
128 J Jada
29%
304 K Kamryn
29%
373 M Macie
29%
291 M Macy
29%
238 P Paisley
29%
327 P Paris
29%
231 M Maci
28%
97 M Mariah
28%
300 M Miriam
28%
199 L Leslie
27%
359 R Raegan
27%
127 R Reagan
27%
363 A Athena
26%
280 B Bianca
26%
417 C Cameron
26%
457 C Celeste
26%
317 C Crystal
26%
285 D Dakota
26%
187 D Delilah
26%
168 E Eliana
26%
218 H Hadley
26%
303 H Heidi
26%
293 K Karina
26%
358 M Maliyah
26%
215 M Miley
26%
366 N Noelle
26%
341 S Sasha
26%
181 S Skylar
26%
331 T Tiana
26%
147 G Giselle
25%
253 K Kyla
25%
43 M Makayla
25%
431 M Mikaela
25%
83 S Serenity
25%
226 A Amaya
24%
89 G Genesis
24%
383 J Joselyn
24%
476 L Lucille
24%
316 E Emerson
23%
278 G Genevieve
23%
132 J Jayla
23%
234 M Marley
23%
412 T Talia
23%
426 B Brenda
22%
162 H Hayden
22%
65 J Jocelyn
22%
228 M Mckenna
22%
471 S Sage
22%
184 S Shelby
22%
495 A Amira
21%
447 B Bridget
21%
381 C Cynthia
21%
150 D Daniela
21%
271 F Fatima
21%
246 H Harmony
21%
418 A Angie
20%
307 K Kinsley
20%
201 M Makenna
20%
493 R Rowan
20%
313 E Emery
19%
137 R Reese
19%
235 A Alayna
18%
287 B Brynn
18%
229 C Cheyenne
18%
393 J Janelle
18%
372 K Kenzie
18%
301 M Malia
18%
281 M Mallory
18%
465 P Parker
18%
243 T Teagan
18%
485 V Viviana
18%
206 A Alaina
17%
209 D Delaney
17%
466 A Annika
16%
212 J Jayden
16%
500 K Kenley
16%
268 L Leilani
16%
276 P Presley
16%
386 A Alessandra
15%
283 E Esmeralda
15%
355 A Ainsley
14%
416 C Cali
14%
256 K Kaydence
14%
403 J Jimena
13%
419 J Journey
13%
487 L Logan
13%
405 N Nyla
13%
360 T Tatiana
13%
274 X Ximena
13%
462 A Amari
12%
227 C Cadence
12%
488 D Denise
12%
441 K Kadence
12%
232 K Kinley
11%
454 P Paola
11%
334 T Tatum
11%
279 A Alejandra
10%
469 B Brenna
10%
472 D Desiree
10%
440 J Johanna
10%
397 L Lyric
10%
177 A Aniyah
9%
392 E Elaina
9%
408 F Finley
9%
396 K Kaylin
9%
337 A Aniya
8%
458 B Braelyn
8%
370 J Juliette
8%
254 A Alondra
7%
344 F Fernanda
7%
445 S Shayla
7%
468 A Aileen
6%
479 A Anahi
6%
413 I Itzel
6%
486 P Priscilla
6%
398 A Amiyah
5%
424 S Sarai
5%
422 E Estrella
4%
371 I Imani
4%
455 J Jayleen
4%
340 K Kaelyn
4%
481 K Kayden
4%
387 N Nayeli
4%
491 Z Zariah
4%
435 B Brylee
3%
425 D Danica
3%
330 G Guadalupe
3%
367 J Julissa
3%
357 Y Yaretzi
3%
443 K Kailyn
2%
459 T Tenley
2%
343 A Audrina
1%
410 D Dulce
1%
369 J Jaelyn
1%
448 J Janiya
1%
407 J Jazlyn
1%
464 B Brisa
0%
475 J Jaliyah
0%
352 J Janiyah
0%
496 J Jaylynn
0%
498 K Kimora
0%
No matching quizzes found
Score Distribution
Percent of People with Each Score
Percentile by Number Answered
Your Score History
You have not taken this quiz